|
|
|
|
| LEADER |
01152nam a2200289 a 4500 |
| 001 |
39151 |
| 003 |
BD-DhAAL |
| 008 |
220727r20061984nyuaf b 001 0 eng d |
| 999 |
|
|
|c 44662
|d 44662
|
| 010 |
|
|
|a 83013318
|
| 020 |
|
|
|a 9780195678598
|
| 020 |
|
|
|a 0195678591
|
| 040 |
|
|
|a DLC
|c DLC
|d DLC
|d BD-DhAAL
|
| 050 |
0 |
0 |
|a DS385.J5
|b W64 1984
|
| 082 |
0 |
0 |
|a 954.90420924
|
| 100 |
1 |
|
|a Wolpert, Stanley A.,
|d 1927-
|9 50323
|
| 245 |
1 |
0 |
|a Jinnah of Pakistan /
|c Stanley Wolpert.
|
| 260 |
|
|
|a New York :
|b Oxford University Press,
|c 1984 [third impression 2006].
|
| 300 |
|
|
|a xii, 421 pages, [12] pages of plates :
|b illustrations ;
|c 24 cm.
|
| 504 |
|
|
|a Includes bibliographical references (pages [403]-413) and index.
|
| 541 |
|
|
|a Donated By Akbar Ali Khan
|e 39151
|
| 590 |
|
|
|a In English.
|
| 600 |
1 |
0 |
|a Jinnah, Mahomed Ali,
|d 1876-1948.
|9 50324
|
| 650 |
|
0 |
|a Statesmen
|z Pakistan
|x Biography.
|9 50325
|
| 852 |
|
|
|a Ayesha Abed Library
|c Akbar Ali Khan Collection
|
| 942 |
|
|
|2 ddc
|c BK
|
| 952 |
|
|
|0 0
|1 0
|2 ddc
|4 0
|6 954_904209240000000_WOL
|7 1
|9 71348
|a BRACUL
|b BRACUL
|c AAKC
|d 2022-07-27
|e Donated by Akbar Ali Khan
|l 0
|o 954.90420924 WOL
|p 3010039151
|r 2022-07-27
|t 1
|w 2022-07-27
|y BK
|